Собрание сочинений. Т. 3 (Запись № 7498066)

Подробности
000 -МАРКЕР
контрольное поле 02093nam2a22003731 4500
001 - ИДЕНТИФИКАТОР ЗАПИСИ
контрольное поле rc\794555
005 - ИДЕНТИФИКАТОР ВЕРСИИ
контрольное поле 20250622135658.0
035 ## - ДРУГИЕ СИСТЕМНЫЕ НОМЕРА
Идентификатор записи (NLR Aleph) 006326271
100 ## - ДАННЫЕ ОБЩЕЙ ОБРАБОТКИ
Данные общей обработки 20040301d1983 |||y0rusy50 ca
101 0# - ЯЗЫК РЕСУРСА
Язык текста, звукозаписи и т.д. русский
102 ## - СТРАНА ПУБЛИКАЦИИ ИЛИ ПРОИЗВОДСТВА
Страна публикации российская федерация
105 ## - ПОЛЕ КОДИРОВАННЫХ ДАННЫХ: ТЕКСТОВЫЕ МАТЕРИАЛЫ, МОНОГРАФИЧЕСКИЕ
Кодированные данные о монографическом текстовом документе a |||||||||
200 0# - ЗАГЛАВИЕ И СВЕДЕНИЯ ОБ ОТВЕТСТВЕННОСТИ
Основное заглавие Т. 3
Первые сведения об ответственности [Послесл. Ю.Л. Прокушева]
210 ## - ПУБЛИКАЦИЯ, РАСПРОСТРАНЕНИЕ И ДР.
Дата издания, распространения и т.д. 1983
Место издания, распространения и т.д. Б. м.
215 ## - ФИЗИЧЕСКАЯ ХАРАКТЕРИСТИКА
Специфическое обозначение материала и объем 414 с., 4 л. ил.
Размеры 21
320 ## - ПРИМЕЧАНИЯ О НАЛИЧИИ В ДОКУМЕНТЕ БИБЛИОГРАФИИ / УКАЗАТЕЛЯ
Текст примечания Библиогр. в примеч.: с. 348-390
320 ## - ПРИМЕЧАНИЯ О НАЛИЧИИ В ДОКУМЕНТЕ БИБЛИОГРАФИИ / УКАЗАТЕЛЯ
Текст примечания Алф. указ. имен: с. 391-409
327 1# - ПРИМЕЧАНИЯ О СОДЕРЖАНИИ
Текст примечания Содерж.: Проза: Яр; У Белой воды; Бобыль и Дружок; Железный Миргород; Лит.-критич. ст. и заметки; Автобиографии; Автобиогр. наброски; Письма и заявления
461 #0 - УРОВЕНЬ НАБОРА
Встроенное поле 001rc\794552
-- 2001#$aСобрание сочинений$eВ 3 т.$fСергей Есенин$g[Сост., общ. ред., вступ. ст., с. 3-36, Ю.Л. Прокушева]$vТ. 3
-- 700#1$aЕсенин$bС. А.$gСергей Александрович$f1895-1925$3RU\NLR\AUTH\774376
Системный номер (АБИС) связанной записи 7498038
Автор Есенин, С. А. (1895-1925)
Место публикации М.
Дата публикации 1983-
Первые сведения об ответственности Сергей Есенин
Имя издателя, распространителя и т.д. Правда
Сведения, относящиеся к заглавию В 3 т.
Заглавие Собрание сочинений
Номер тома Т. 3
464 #0 - АНАЛИТИЧЕСКИЙ УРОВЕНЬ
Встроенное поле 2001#$aЯр
Заглавие Яр
464 #0 - АНАЛИТИЧЕСКИЙ УРОВЕНЬ
Встроенное поле 2001#$aУ Белой воды
Заглавие У Белой воды
464 #0 - АНАЛИТИЧЕСКИЙ УРОВЕНЬ
Встроенное поле 2001#$aБобыль и Дружок
Заглавие Бобыль и Дружок
464 #0 - АНАЛИТИЧЕСКИЙ УРОВЕНЬ
Встроенное поле 2001#$aЖелезный Миргород
Заглавие Железный Миргород
464 #0 - АНАЛИТИЧЕСКИЙ УРОВЕНЬ
Встроенное поле 2001#$aЛит.-критич. ст. и заметки
Заглавие Лит.-критич. ст. и заметки
464 #0 - АНАЛИТИЧЕСКИЙ УРОВЕНЬ
Встроенное поле 2001#$aАвтобиографии
Заглавие Автобиографии
464 #0 - АНАЛИТИЧЕСКИЙ УРОВЕНЬ
Встроенное поле 2001#$aАвтобиогр. наброски
Заглавие Автобиогр. наброски
464 #0 - АНАЛИТИЧЕСКИЙ УРОВЕНЬ
Встроенное поле 2001#$aПисьма и заявления
Заглавие Письма и заявления
801 #0 - ИСТОЧНИК ЗАПИСИ
Страна российская федерация
Организация NLR
Правила каталогизации psbo
801 #1 - ИСТОЧНИК ЗАПИСИ
Страна российская федерация
Организация ELAR
Источник данных rusmarc
852 ## - МЕСТОНАХОЖДЕНИЕ И ШИФР ХРАНЕНИЯ
Идентификатор организации NLR
Шифр хранения (Call Number) 84-3/1514
942 ## - ДОПОЛНИТЕЛЬНЫЕ ЭЛЕМЕНТЫ ЗАПИСИ (АБИС)
Тип экземпляра АБИС Книга
980 ## - КОЛЛЕКЦИЯ
Название коллекции Национальная библиография
Экземпляры
Тип экземпляра Дата поступления Библиотека постоянного хранения Библиотека текущего хранения Место хранения Шифр хранения Штрих-код Статус не для выдачи
Книга 26.10.2013 РНБ (Московский) РНБ (Московский) Русский книжный фонд: издания с 1957 года, 9этаж 84-3/1514 6326271-10